| 000 | 00366nam a22001337a 4500 | ||
|---|---|---|---|
| 999 |
_c7829 _d7829 |
||
| 003 | OSt | ||
| 005 | 20200522153435.0 | ||
| 008 | 200522b ||||| |||| 00| 0 eng d | ||
| 020 | _a9788192815244 | ||
| 082 | _a720.95482 | ||
| 245 | _aAuroville form style and design : towards new forms for a new consciousness | ||
| 260 |
_aIndia _bAuroville, Tamil Nadu, |
||
| 942 | _2ddc | ||